000 00344nam a2200097Ia 4500
008 220120s9999||||xx |||||||||||||| ||und||
100 _aAmrith Sundaram, Nishanth and Praveen
_912391
245 0 _aSecure distance based localization in the presence of cheati
260 _aCoorg Institute of Technology
_bPonnampet
_c2012
650 _aCOMPUTER SCIENCE
999 _c137978
_d137978